Adromeda' ya dönüş : (Kayıt no. 15468)
[ düz görünüm ]
| 000 -BAŞLIK | |
|---|---|
| Sabit Uzunlukta Kontrol Alanı | 00753nam a22002417a 4500 |
| 999 ## - SİSTEM KONTROL NUMARALARI (KOHA) | |
| Koha Biblionumber | 15468 |
| Koha Biblioitemnumber | 15468 |
| 003 - KONTROL NUMARASI IDENTIFIER | |
| Denetim Alanı | MIRAKIL |
| 005 - SON İŞLEM TARİHİ VE ZAMANI | |
| Denetim Alanı | 20240223105953.0 |
| 008 - SABİT-BOY VERİ ELEMANLARI - GENEL BİLGİLER | |
| Sabit Uzunlukta Kontrol Alanı | 240223b tu ||||| |||| 00| 0 tur d |
| 020 ## - ULUSLARARASI STANDART KİTAP NUMARASI | |
| Uluslararası Standart Kitap Numarası | 9786055936587 |
| 040 ## - KATALOGLAMA KAYNAK | |
| Orijinal Kataloglama Ajansı | TR-AnCHP |
| Metne Dönüştürmek Ajansı | TR-AnCHP |
| 041 ## - DİL KODU | |
| Metin / Ses Parça Veya Ayrı Başlığın Dil Kodu | tur |
| 082 ## - DEWEY ONLU SINIFLANDIRMA NUMARASI | |
| Sınıflandırma Numarası | 813.42 |
| Ürün Numarası | Ç35a 2011 |
| 090 ## - SINIFLAMA NUMARASI | |
| Sınıflama Numarası | 813.42 Ç35a 2011 |
| 100 ## - ANA GİRİŞ - KİŞİSEL İSİM | |
| Kişisel Ad | Çende, Kazım |
| 245 10 - BAŞLIK TABLOSU | |
| Başlık | Adromeda' ya dönüş : |
| Başlığın Kalan | Durkonlar / |
| Sorumluluk Tablosu, Vb | Kazım Çende. |
| 260 ## - YAYIN, DAĞITIM, VB | |
| Yayın, Dağıtım, Vb Yeri | Kocaeli |
| Yayıncı, Dağıtıcı, Vs Adı | Umuttepe Yayınları |
| Yayın, Dağıtım, Vb Tarihi | 2011 |
| 300 ## - FİZİKSEL TANIM | |
| Kapsam | 223 s. ; |
| Boyutlar | 20 cm. |
| 490 0# - SERİSİ TABLOSU | |
| Seri Beyanı | Umuttepe yayın no ; |
| Hacim / Ardışık Tanımı | 57. |
| 490 0# - SERİSİ TABLOSU | |
| Seri Beyanı | Edebiyat dizisi ; |
| Hacim / Ardışık Tanımı | 9 |
| 650 #0 - KONU KATMA GİRİŞ - TOPİKAL DÖNEM | |
| 9 (RLIN) | 19 |
| Topikal Süreli Veya Coğrafi Ad Giriş Elemanı | Türk edebiyatı |
| Genel Alt Bölümü | fantastik roman |
| 856 ## - ELEKTRONİK YER VE ERİŞİM | |
| Kamu Notu | Dijital Nüshası için Partimizin Kütüphane Sorumlusu ile iletişime geçiniz. |
| 942 ## - EKLENDİ GİRİŞ ELEMANLARI (KOHA) | |
| Sınıflandırma Veya Raf Düzeni Kaynak | Dewey Decimal Classification |
| Koha Öğesi Türü | Kitaplar |
| Kalıcı Konum | Mevcut Konum | Edinme Tarihi | Toplam Check-Out'Lar | Tam Çağrı Numarası | Barkod | Tarih Son Görülme | İtibaren Geçerli Fiyatlar | Koha Öğesi Türü |
|---|---|---|---|---|---|---|---|---|
| CHP Kütüphanesi | CHP Kütüphanesi | 02/23/2024 | 813.42 Ç35a 2011 | 21113 | 02/23/2024 | 02/23/2024 | Kitaplar |
